<?xml version="1.0" encoding="UTF-8"?>
<record
    xmlns:xsi="http://www.w3.org/2001/XMLSchema-instance"
    xsi:schemaLocation="http://www.loc.gov/MARC21/slim http://www.loc.gov/standards/marcxml/schema/MARC21slim.xsd"
    xmlns="http://www.loc.gov/MARC21/slim">

  <leader>01848nab a2200313uuc4500</leader>
  <controlfield tag="001">1340626</controlfield>
  <controlfield tag="005">20240826113654.0</controlfield>
  <controlfield tag="008">130821e20121205                    eng  </controlfield>
  <datafield tag="035" ind1=" " ind2=" ">
    <subfield code="a">1340626</subfield>
  </datafield>
  <datafield tag="040" ind1=" " ind2=" ">
    <subfield code="c">comduadb</subfield>
  </datafield>
  <datafield tag="041" ind1=" " ind2=" ">
    <subfield code="a">eng</subfield>
  </datafield>
  <datafield tag="100" ind1="1" ind2="0">
    <subfield code="a">Oliveira, Ronaldo L.</subfield>
    <subfield code="4">aut</subfield>
    <subfield code="e">aut</subfield>
    <subfield code="9">679599</subfield>
  </datafield>
  <datafield tag="245" ind1="1" ind2="0">
    <subfield code="a">Biodiesel industry by-products used for ruminant feed</subfield>
  </datafield>
  <datafield tag="520" ind1="3" ind2=" ">
    <subfield code="a">El uso de los subproductos de la industria de biodiesel para alimentar a los rumiantes parece ser una excelente alternativa, que puede contribuir al aumento de las actividades agr&#xED;colas en t&#xE9;rminos de productividad y rentabilidad. Entre los sub-productos, las tortas de semillas oleaginosas tienen un gran potencial debido a los importantes niveles de prote&#xED;nas y l&#xED;pidos que las caracterizan como alimentos proteicos o energ&#xE9;ticos capaces de satisfacer las necesidades nutricionales de los animales. As&#xED;, los estudios que tienen como objetivo determinar los niveles &#xF3;ptimos de tortas de semillas oleaginosas en los piensos para rumiantes son importantes para maximizar el uso potencial de estos subproductos.</subfield>
  </datafield>
  <datafield tag="650" ind1=" " ind2=" ">
    <subfield code="a">Alimentaci&#xF3;n de rumiantes</subfield>
    <subfield code="9">185336</subfield>
  </datafield>
  <datafield tag="650" ind1=" " ind2="7">
    <subfield code="a">Semillas oleaginosas</subfield>
    <subfield code="2">lemb</subfield>
    <subfield code="9">9621</subfield>
  </datafield>
  <datafield tag="650" ind1=" " ind2=" ">
    <subfield code="a">Caprinos</subfield>
    <subfield code="9">22043</subfield>
  </datafield>
  <datafield tag="650" ind1=" " ind2="0">
    <subfield code="a">Ovinos</subfield>
    <subfield code="9">46283</subfield>
  </datafield>
  <datafield tag="650" ind1=" " ind2=" ">
    <subfield code="a">Biodi&#xE9;sel</subfield>
    <subfield code="9">72410</subfield>
  </datafield>
  <datafield tag="700" ind1="1" ind2="0">
    <subfield code="a">Leao, Andr&#xE9; G.</subfield>
    <subfield code="4">aut</subfield>
    <subfield code="e">aut</subfield>
    <subfield code="9">652454</subfield>
  </datafield>
  <datafield tag="700" ind1="1" ind2="0">
    <subfield code="a">Ribeiro, Ossival L.</subfield>
    <subfield code="4">aut</subfield>
    <subfield code="e">aut</subfield>
    <subfield code="9">646375</subfield>
  </datafield>
  <datafield tag="700" ind1="1" ind2="0">
    <subfield code="a">Borja, M&#xE1;ikal S.</subfield>
    <subfield code="4">aut</subfield>
    <subfield code="e">aut</subfield>
    <subfield code="9">648683</subfield>
  </datafield>
  <datafield tag="700" ind1="1" ind2="0">
    <subfield code="a">Pinheiro, Alyson A.</subfield>
    <subfield code="4">aut</subfield>
    <subfield code="e">aut</subfield>
    <subfield code="9">668338</subfield>
  </datafield>
  <datafield tag="700" ind1="1" ind2="0">
    <subfield code="a">Oliveira, Renata L.</subfield>
    <subfield code="4">aut</subfield>
    <subfield code="e">aut</subfield>
    <subfield code="9">668339</subfield>
  </datafield>
  <datafield tag="700" ind1="1" ind2="0">
    <subfield code="a">Santana, Marcia C. A.</subfield>
    <subfield code="4">aut</subfield>
    <subfield code="e">aut</subfield>
    <subfield code="9">644425</subfield>
  </datafield>
  <datafield tag="773" ind1="0" ind2=" ">
    <subfield code="t">Revista Colombiana de Ciencias Pecuarias (Medell&#xED;n)</subfield>
    <subfield code="g">Volumen 25, N&#xFA;mero 04, Diciembre 2012, p. 625-638</subfield>
    <subfield code="w">315324</subfield>
    <subfield code="x">0120-0690</subfield>
    <subfield code="0">107734</subfield>
  </datafield>
  <datafield tag="856" ind1="4" ind2=" ">
    <subfield code="u">http://rccp.udea.edu.co/index.php/ojs/issue/view/53/showToc</subfield>
  </datafield>
  <datafield tag="942" ind1=" " ind2=" ">
    <subfield code="c">ARIMP</subfield>
  </datafield>
  <datafield tag="999" ind1=" " ind2=" ">
    <subfield code="c">656086</subfield>
    <subfield code="d">656086</subfield>
  </datafield>
</record>
